[Event "Mumbai One Wealth op"]
[Site "Mumbai"]
[Date "2024.02.11"]
[Round "7"]
[White "Muthe, Dhruv"]
[Black "Kapadi, Yash"]
[Result "0-1"]
[WhiteElo "1169"]
[BlackElo "1626"]
[PlyCount "64"]
[EventDate "2024.02.05"]
[EventType "swiss"]
[EventRounds "7"]
[EventCountry "IND"]
[SourceTitle "CB08_2024"]
[SourceDate "2024.02.21"]
[SourceVersion "1"]
[SourceVersionDate "2024.02.21"]
[SourceQuality "1"]

1. e4 g6 2. d3 Bg7 3. Nf3 c5 4. c3 d5 5. Nbd2 Nc6 6. g3 Nf6 7. e5 Ng4 8. d4 cxd4 9. cxd4 Qb6 10. Nb3 Bf5 11. Bd3 Bxd3 12. Qxd3 Nb4 13. Qc3 Qb5 14. Nc5 b6 15. a4 Qc4 16. Qxc4 dxc4 17. 0-0 bxc5 18. h3 Nh6 19. dxc5 Rc8 20. a5 0-0 21. Ra4 Nd3 22. Rxc4 Rxc5 23. Rxc5 Nxc5 24. Be3 Nb3 25. Rd1 Nxa5 26. Rd7 Nc6 27. Rc7 Nxe5 28. Nxe5 Bxe5 29. Rxe7 Bf6 30. Rxa7 Nf5 31. Bc5 Rc8 32. b4 Bd4 0-1

[Event "Mumbai One Wealth op"]
[Site "Mumbai"]
[Date "2024.02.09"]
[Round "5"]
[White "Arnav, Mahesh Koli"]
[Black "Kapadi, Yash"]
[Result "1-0"]
[WhiteElo "1755"]
[BlackElo "1626"]
[PlyCount "81"]
[EventDate "2024.02.05"]
[EventType "swiss"]
[EventRounds "7"]
[EventCountry "IND"]
[SourceTitle "CB08_2024"]
[SourceDate "2024.02.21"]
[SourceVersion "1"]
[SourceVersionDate "2024.02.21"]
[SourceQuality "1"]

1. e4 g6 2. d4 Bg7 3. c3 d5 4. e5 f6 5. f4 Nh6 6. Bd3 0-0 7. Nf3 Bg4 8. 0-0 c5 9. exf6 Bxf6 10. dxc5 Qc7 11. Be3 Nd7 12. Be2 Bxf3 13. Bxf3 e6 14. g4 Bg7 15. Qd2 g5 16. fxg5 Nf7 17. b4 a5 18. Bd4 Nfe5 19. Be2 Rxf1+ 20. Kxf1 axb4 21. cxb4 Rf8+ 22. Kg2 Ng6 23. Bxg7 Kxg7 24. Nc3 Nf4+ 25. Kh1 Qe5 26. Bb5 d4 27. Re1 Qxg5 28. Qxd4+ Nf6 29. Bc4 Kh6 30. Qd6 Rf7 31. Bxe6 Nxe6 32. Qxe6 Qxg4 33. Qxf7 Qf3+ 34. Kg1 Qxc3 35. Qe6 Kg7 36. Qe5 Qxb4 37. Rf1 Qg4+ 38. Kh1 Qe4+ 39. Qxe4 Nxe4 40. Rb1 Nxc5 41. Rb5 1-0

[Event "Kolhapur Kulkarni Memorial"]
[Site "Kolhapur"]
[Date "2021.12.07"]
[Round "6"]
[White "Kapadi, Yash"]
[Black "Ajay, Kumar Rai"]
[Result "0-1"]
[WhiteElo "1744"]
[BlackElo "1922"]
[PlyCount "52"]
[EventDate "2021.12.04"]
[EventType "swiss"]
[EventRounds "10"]
[EventCountry "IND"]
[SourceTitle "EXT 2023"]
[Source "ChessBase"]
[SourceDate "2022.10.05"]
[SourceVersion "1"]
[SourceVersionDate "2022.10.05"]
[SourceQuality "1"]

1. g3 Nf6 2. Bg2 e5 3. c4 d6 4. Nc3 Be7 5. Nf3 c6 6. d4 Nbd7 7. 0-0 0-0 8. Qc2 Qc7 9. Rd1 Re8 10. b4 Bf8 11. c5 exd4 12. cxd6 Bxd6 13. Nxd4 Bxb4 14. a3 Bf8 15. Bf4 Ne5 16. Rab1 Qe7 17. a4 Nh5 18. Bd2 g6 19. Ne4 a5 20. f4 Nd7 21. Nc3 Qc5 22. e3 Ndf6 23. Nb3 Qa7 24. Kh1 Ng4 25. Re1 Bf5 26. e4 Nf2+ 0-1

[Event "Kolhapur Kulkarni Memorial"]
[Site "Kolhapur"]
[Date "2021.12.06"]
[Round "4"]
[White "Ruturaj, Rushikesh Dhotre"]
[Black "Kapadi, Yash"]
[Result "0-1"]
[WhiteElo "1547"]
[BlackElo "1744"]
[PlyCount "76"]
[EventDate "2021.12.04"]
[EventType "swiss"]
[EventRounds "10"]
[EventCountry "IND"]
[SourceTitle "EXT 2023"]
[Source "ChessBase"]
[SourceDate "2022.10.05"]
[SourceVersion "1"]
[SourceVersionDate "2022.10.05"]
[SourceQuality "1"]

1. d4 d6 2. e4 Nf6 3. Nc3 e5 4. dxe5 dxe5 5. Qxd8+ Kxd8 6. Bg5 Be6 7. 0-0-0+ Nbd7 8. Nf3 Bd6 9. a3 Ke7 10. Nd2 h6 11. Bh4 a6 12. Bc4 g5 13. Bxe6 fxe6 14. Bg3 b5 15. Nf3 Rhb8 16. b4 a5 17. Kb2 g4 18. Nh4 axb4 19. axb4 Bxb4 20. Ng6+ Ke8 21. f3 Ba3+ 22. Kb1 b4 23. Ne2 b3 24. c3 Bd6 25. h3 gxf3 26. gxf3 Ra2 27. Nc1 Rc2 28. Nd3 Rb5 29. Be1 Nb6 30. Rd2 Nc4 31. Rxc2 Na3+ 32. Kc1 bxc2 33. Nb4 c5 34. Nxc2 Rb1+ 35. Kd2 Rb2 36. Bh4 Rxc2+ 37. Kd3 c4+ 38. Ke3 Bc5# 0-1

[Event "Hyderabad Pearl City op"]
[Site "Hyderabad"]
[Date "2019.09.10"]
[Round "8"]
[White "Ram, S Krishnan"]
[Black "Kapadi, Yash"]
[Result "1-0"]
[WhiteElo "2212"]
[BlackElo "1750"]
[PlyCount "91"]
[EventDate "2019.09.06"]
[EventType "swiss"]
[EventRounds "11"]
[EventCountry "IND"]
[SourceTitle "EXT 2020"]
[Source "ChessBase"]
[SourceDate "2019.10.17"]
[SourceVersion "1"]
[SourceVersionDate "2019.10.17"]
[SourceQuality "1"]

1. Nf3 d6 2. e4 e5 3. d4 Nd7 4. Bc4 Ngf6 5. dxe5 Nxe5 6. Nxe5 dxe5 7. Bxf7+ Kxf7 8. Qxd8 Bb4+ 9. Qd2 Bxd2+ 10. Nxd2 b6 11. b3 Ba6 12. Bb2 Rhe8 13. 0-0-0 Rad8 14. f3 Ke6 15. Rhe1 Nh5 16. Nf1 Rxd1+ 17. Rxd1 Bxf1 18. Rxf1 Nf4 19. g3 Nh5 20. Rd1 Nf6 21. Kd2 g5 22. Ke3 Rf8 23. a4 h5 24. a5 Rf7 25. h3 Rh7 26. Rg1 g4 27. f4 gxh3 28. f5+ Kd7 29. Bxe5 Ng4+ 30. Kf4 Re7 31. Bd4 c5 32. Be3 Kd6 33. Rh1 h2 34. Kf3 Ke5 35. Rd1 Kf6 36. Bf4 Rxe4 37. Kxe4 Nf2+ 38. Kf3 Nxd1 39. Kg2 Kxf5 40. a6 h4 41. Kxh2 hxg3+ 42. Kxg3 Ke6 43. Bc7 b5 44. Bb6 c4 45. Bxa7 cxb3 46. cxb3 1-0

[Event "Hyderabad Pearl City op"]
[Site "Hyderabad"]
[Date "2019.09.07"]
[Round "3"]
[White "Kapadi, Yash"]
[Black "Karthikeyan, Pandian"]
[Result "0-1"]
[WhiteElo "1750"]
[BlackElo "2408"]
[PlyCount "59"]
[EventDate "2019.09.06"]
[EventType "swiss"]
[EventRounds "11"]
[EventCountry "IND"]
[SourceTitle "EXT 2020"]
[Source "ChessBase"]
[SourceDate "2019.10.17"]
[SourceVersion "1"]
[SourceVersionDate "2019.10.17"]
[SourceQuality "1"]

1. Nf3 Nf6 2. g3 d5 3. Bg2 c6 4. 0-0 Bg4 5. Ne5 Bh5 6. d4 e6 7. c4 Be7 8. cxd5 cxd5 9. Nc3 Nbd7 10. Qb3 Nxe5 11. dxe5 Nd7 12. h3 0-0 13. g4 Nc5 14. Qd1 Bg6 15. Be3 Qa5 16. Qe1 Qa6 17. f4 Be4 18. Nxe4 Nxe4 19. Bxe4 dxe4 20. f5 f6 21. Qc3 Kh8 22. Qc7 Rfe8 23. Rac1 Qxe2 24. Bd4 Qd3 25. Qc3 fxe5 26. Bxe5 Qxc3 27. Rxc3 e3 28. Rc7 exf5 29. Rxf5 e2 30. Bxg7+ 0-1

[Event "Mumbai Wealth rating op 4th"]
[Site "Mumbai"]
[Date "2019.01.07"]
[Round "9"]
[White "Deshpande, Jatin N"]
[Black "Kapadi, Yash"]
[Result "0-1"]
[WhiteElo "1564"]
[BlackElo "1749"]
[PlyCount "82"]
[EventDate "2018.12.30"]
[EventType "swiss"]
[EventRounds "9"]
[EventCountry "IND"]
[SourceTitle "CBM 188 Extra"]
[Source "ChessBase"]
[SourceDate "2019.02.26"]
[SourceVersion "1"]
[SourceVersionDate "2019.02.26"]
[SourceQuality "1"]

1. d4 d6 2. Nf3 Nd7 3. e3 Ngf6 4. Be2 g6 5. 0-0 Bg7 6. b3 0-0 7. Bb2 c6 8. Nbd2 Qc7 9. c4 Re8 10. Qc2 e5 11. e4 a5 12. a3 b6 13. Rad1 Ba6 14. Rfe1 Rac8 15. Bf1 Qa7 16. Nb1 b5 17. h3 a4 18. dxe5 dxe5 19. b4 bxc4 20. Bxc4 Bxc4 21. Qxc4 Nh5 22. Rd6 Nb6 23. Qc5 Bf8 24. Bxe5 Bxd6 25. Bxd6 Qb7 26. Nc3 Nd7 27. Qc4 Nb6 28. Qc5 Ng7 29. Nd4 Ne6 30. Nxe6 Rxe6 31. e5 Rce8 32. Ne4 Nd7 33. Qd4 h6 34. Rc1 Qb5 35. Qa7 Nxe5 36. Bxe5 Qxe5 37. Nc5 Qf4 38. Nd3 Qd2 39. Qa6 Rd8 40. Rxc6 Rxc6 41. Qxc6 Qxd3 0-1

[Event "Mumbai Wealth rating op 4th"]
[Site "Mumbai"]
[Date "2018.12.31"]
[Round "2"]
[White "Apoorv, Kamble"]
[Black "Kapadi, Yash"]
[Result "1/2-1/2"]
[WhiteElo "1458"]
[BlackElo "1749"]
[PlyCount "86"]
[EventDate "2018.12.30"]
[EventType "swiss"]
[EventRounds "9"]
[EventCountry "IND"]
[SourceTitle "CBM 188 Extra"]
[Source "ChessBase"]
[SourceDate "2019.02.26"]
[SourceVersion "1"]
[SourceVersionDate "2019.02.26"]
[SourceQuality "1"]

1. e4 c5 2. b3 e6 3. Bb2 Nf6 4. e5 Nd5 5. c4 Nb6 6. Nc3 Be7 7. Nf3 Nc6 8. Be2 0-0 9. 0-0 f6 10. Ne4 fxe5 11. Nxe5 Nxe5 12. Bxe5 d5 13. Ng3 Nd7 14. d4 Nxe5 15. dxe5 d4 16. Bd3 Rf7 17. f4 Qf8 18. Qg4 g6 19. h4 Qg7 20. Be4 Rb8 21. Rad1 b5 22. Rd3 bxc4 23. bxc4 Bf8 24. Ne2 Qh6 25. Rh3 Qh5 26. Qxh5 gxh5 27. Rb3 Rb4 28. Rxb4 cxb4 29. Ng3 Ba6 30. Bd3 Be7 31. Nxh5 Bxh4 32. g4 Bd8 33. g5 Rc7 34. Nf6+ Bxf6 35. gxf6 Bb7 36. Kf2 a5 37. Rg1+ Kh8 38. Rg3 Ba6 39. Rg1 Bb7 40. Rg3 Ba6 41. Rg1 Rb7 42. Rh1 Kg8 43. Rg1+ Kh8 1/2-1/2